Vista normal
Vista MARC
Entrada Materia (personas)
Número de registros utilizados en: 1
001 - CONTROL NUMBER
- control field: 183399
003 - CONTROL NUMBER IDENTIFIER
- control field: Co-BoUCM
005 - DATE AND TIME OF LATEST TRANSACTION
- control field: 20241009110838.0
008 - FIXED-LENGTH DATA ELEMENTS
- fixed length control field: 241009|| aca||aabn | a|a d
040 ## - CATALOGING SOURCE
- Original cataloging agency: Co-BoUCM
- Transcribing agency: Co-BoUCM
100 ## - HEADING--PERSONAL NAME
- Personal name: Real Jardín Botánico CSIC
- General subdivision: Clasificación de archivos históricos
- Geographic subdivision: Madrid, España
670 ## - SOURCE DATA FOUND
- Source citation: Work cat.: (Co-BoUCM)324899: Burbano Trimiño, Francisco Andrés, 183392, Historia archivística y análisis de la clasificación del fondo de la Real Expedición Botánica del Nuevo Reino de Granada (Archivo del Real Jardín Botánico) , 2023